Théorie des conceptions du monde: essai d'une philosophie de la philosophie

Guardat en:
Dades bibliogràfiques
Autor principal: Dilthey, Wilhelm (Autor)
Format: Llibre
Idioma:francès
Publicat: París Universitaires de France 1946
Col·lecció:Bibliothèque de Philosophie Contemporaine
Matèries:
Etiquetes: Afegir etiqueta
Sense etiquetes, Sigues el primer a etiquetar aquest registre!

MARC

LEADER 00000nam a2200000 a 4500
001 UCZ3277
003 CL-VaPUC
008 951020e19460000FR |||||||||||||||||fre|d
082 0 4 |a 113  |b DIL  |2 21 
100 0 |a Dilthey, Wilhelm  |e author  |9 335712 
245 1 0 |a Théorie des conceptions du monde: essai d'une philosophie de la philosophie 
300 |a 329 p 
942 |c BK 
945 |d 19951020 00:00:00  |a cmena 
260 |a París  |b Universitaires de France  |c 1946 
650 0 |a Cosmología  |9 269138 
650 0 |a Filosofía alemana   |9 265002 
650 0 |a Hermenéutica  |9 269473 
650 0 |a Ensayos  |9 268724 
583 |a last modification  |c 19951020 00:00:00  |k Rodrigo Vera 
490 0 |a Bibliothèque de Philosophie Contemporaine 
999 |c 239767  |d 239765 
952 |0 0  |1 0  |4 0  |6 113_000000000000000_DIL_1946  |7 0  |8 P  |9 251154  |a BIBEDU  |b BIBEDU  |c BIBEDU_PB  |d 2019-11-18  |i 2916908  |o 113 DIL 1946  |p 2916908  |r 2024-01-25  |w 2019-11-18  |y BK  |k FIL